000 00824nam a2200265Ia 4500
008 160803s9999 xx 000 0 und d
020 _a0 439188067
100 _aJenkins, Martin
245 4 _aThe emperor's egg /
245 _cMartin Jenkins ; illustrated by Jane Chapman.
260 _aNew York :
260 _bScholastic Inc.
260 _c1999
300 _a29 pages :
300 _bcolor illustrations ;
300 _c28 cm
500 _aOriginally published: Cambridge, Massachussets : Candlewick Press, c1999.
650 _aEmperor penguin -- Behavior --
650 _aEmperor penguin -- Habits and behavior.
650 _aParental behavior in animals --
650 _aPenguins -- Habits and behavior.
650 _xJuvenile literature.
650 _xJuvenile literature.
700 _a570
999 _c299115
_d299115